000 00329nam a2200133Ia 4500
008 150301s2015 xx 000 0 und d
082 _a615.4
_bC12P
100 _aG. PARTHASARATHI
245 2 _aA TB OF CLINICAL PHARMACY PRACTICAL
260 _bUNIVERSITY PRESS
300 _a580
650 _aPHARMACEUTICS
942 _2ddc
_cBK
_06
999 _c7205
_d7205